00640nam a22001817a 4500008004100000040005500041080001900096245003000115260003900145300001600184500001600200650001300216653002100229700002400250942001200274999001700286952015500303230808b |||||||| |||| 00| 0 eng d aNational Science LibrarycNational Science Library a551.46/.48(05) aAdvances in hydroscience  aNew York: bAcademic Press, c1967 axiv, 428p.  aVol. 4 1967 aScience  aWater resources  aChow, Ven Te (Ed.)  2udccBK c58028d58028 00102udc406551464805709109843aNSLbNSLcFF/Rk-2/C-12/R-1d1988-11-28hVol. 4 1967l0o551.46/.48(05)p29883r2023-08-08 00:00:00w1988-11-28yBK